[Event "IECG CP.2005.P.00086"]
[Site "IECG email"]
[Date "2005.10.01"]
[Round "?"]
[White "Bratu, Valentin"]
[Black "Sevestre, Frederic"]
[Result "0-1"]
[WhiteElo "1000"]
[BlackElo "2032"]
[PlyCount "58"]
[EventDate "2005.10.01"]
[EventType "tourn (corr)"]
[EventRounds "6"]
[SourceTitle "Corr 2008"]
[Source "ChessBase"]
[SourceDate "2008.06.24"]
[SourceVersion "1"]
[SourceVersionDate "2008.06.24"]
[SourceQuality "1"]

1. Nf3 c5 2. e4 e6 3. b3 a6 4. Bb2 Nc6 5. g3 d6 6. Bg2 e5 7. Nc3 Nf6 8. 0-0 Bg4 9. h3 Be6 10. d3 Be7 11. Nd2 0-0 12. Nd5 Bxd5 13. exd5 Nb4 14. g4 h6 15. h4 Qd7 16. Bf3 a5 17. Nc4 Qd8 18. Qd2 b5 19. Ne3 Nh7 20. c4 bxc4 21. dxc4 Bxh4 22. a3 Na6 23. Bc3 Nb8 24. b4 Nd7 25. bxa5 Bg5 26. Rfb1 Ra7 27. Rb3 Ndf6 28. Rab1 Qd7 29. Rb8 Bxe3 0-1

[Event "IECG CP.2005.P.00086"]
[Site "IECG email"]
[Date "2005.10.01"]
[Round "?"]
[White "Bratu, Valentin"]
[Black "Sherwood, Russell"]
[Result "0-1"]
[WhiteElo "1000"]
[BlackElo "1680"]
[PlyCount "74"]
[EventDate "2005.10.01"]
[EventType "tourn (corr)"]
[EventRounds "6"]
[SourceTitle "Corr 2008"]
[Source "ChessBase"]
[SourceDate "2008.06.24"]
[SourceVersion "1"]
[SourceVersionDate "2008.06.24"]
[SourceQuality "1"]

1. Nf3 d5 2. d4 Nf6 3. e3 Bf5 4. Be2 e6 5. Nh4 Bg6 6. Nxg6 hxg6 7. c4 dxc4 8. Bxc4 Nbd7 9. Nc3 Nb6 10. Bb3 Bb4 11. Qf3 c6 12. 0-0 Qc7 13. h3 0-0-0 14. Rd1 g5 15. e4 g4 16. hxg4 Qh2+ 17. Kf1 Qh4 18. Bf4 Qh7 19. e5 Nfd5 20. Bd2 Qg6 21. Nxd5 Nxd5 22. Bxd5 Bxd2 23. Be4 Qg5 24. Bxc6 bxc6 25. Qxc6+ Kb8 26. Qb5+ Kc7 27. Qc5+ Kd7 28. Qd6+ Ke8 29. Qc6+ Kf8 30. Qe4 Rh4 31. f3 Rh2 32. Rab1 Kg8 33. Qd3 Be3 34. b4 Qf4 35. Qe4 Qg3 36. Ke2 Qf2+ 37. Kd3 Rxg2 0-1